header

LANGUAGE ARTS (Record no. 253745)

MARC details
000 -LEADER
fixed length control field 00361nam a22001577a 4500
003 - CONTROL NUMBER IDENTIFIER
control field OSt
005 - DATE AND TIME OF LATEST TRANSACTION
control field 20160517104316.0
008 - FIXED-LENGTH DATA ELEMENTS--GENERAL INFORMATION
fixed length control field 160517b xxu||||| |||| 00| 0 eng d
020 ## - INTERNATIONAL STANDARD BOOK NUMBER
International Standard Book Number 0-13-856907-X
040 ## - CATALOGING SOURCE
Transcribing agency N/A
100 ## - MAIN ENTRY--PERSONAL NAME
Personal name GAIL E. TOMPKINS
245 ## - TITLE STATEMENT
Title LANGUAGE ARTS
250 ## - EDITION STATEMENT
Edition statement 4TH EDITION
260 ## - PUBLICATION, DISTRIBUTION, ETC. (IMPRINT)
Place of publication, distribution, etc USA
Name of publisher, distributor, etc PRENTICE HALL
Date of publication, distribution, etc 1998
942 ## - ADDED ENTRY ELEMENTS (KOHA)
Source of classification or shelving scheme Library of Congress Classification
Koha item type Long Loan Books
Holdings
Withdrawn status Lost status Source of classification or shelving scheme Damaged status Not for loan Collection code Home library Current library Shelving location Date acquired Total Checkouts Full call number Barcode Date last seen Price effective from Koha item type
    Library of Congress Classification     Non-fiction Rongo University Library Rongo University Library General Stacks 17/05/2016   LB1576.T655 1998 201612403 17/05/2016 17/05/2016 Long Loan Books

© 2026 Rongo University
Contact us: librarian | system librarian | Rongo university